000 00664nam a2200253 i 4500
001 C2-0011567
003 PPAK
005 20190630221910.0
008 970128s1992 my |||| ||||| | may d
020 _a9836225706
040 _aPPAK
_beng
_cPPAK
_erda
082 0 4 _a899.233
_223
090 0 0 _a899.233
_bJUR
_dG
090 0 0 _a899.233
_bJUR
_dKIH
100 0 _aJuri Durabi,
_eauthor
245 1 0 _aJalan ke puncak
264 1 _aKuala Lumpur :
_bDewan Bahasa dan Pustaka ,
_c1992
300 _a121 pages ;
_c18 cm
336 _2rdacontent
_atext
337 _2rdamedia
_aunmediated
338 _2rdacarrier
_avolume
650 1 0 _aMalay fiction.
942 _ddc
_cB
999 _c2857
_d2857